000
00263nam a2200097Ia 4500
082
_a
J ST 912.014 ROSS
245
0
_a
Basic mapwork skills
100
_a
ROSS, Simon Cheltenham, 2003
_9
95967
942
_c
BK
008
210817s9999 xx 000 0 und d
999
_c
401316
_d
401315